Countries: True or False - Statistics

General Stats
  • This quiz has been taken 40 times
  • The average score is 7 of 10
Answer Stats
Question Answer % Correct
Cambodia borders 4 countries False
88%
Germany has more inhabitants than France True
88%
Madagascar is more than 2 times bigger than the United Kingdom True
75%
Singapore is smaller than Luxembourg True
75%
Norway borders Russia True
75%
China borders 13 countries False
63%
The second biggest country in the world is Canada True
63%
Indonesia includes 846 islands False
50%
Bolivia has more inhabitants than the Netherlands False
50%
The population density from South Korea is more than 2000 times higher than from Mongolia False
25%
No matching quizzes found
Score Distribution
Percent of People with Each Score
Percentile by Number Answered
Your Score History
You have not taken this quiz